Fruits and vegetables in west Africa (Record no. 18305)

MARC details
000 -LEADER
fixed length control field 00394nam a22001577a 4500
003 - CONTROL NUMBER IDENTIFIER
control field OSt
005 - DATE AND TIME OF LATEST TRANSACTION
control field 20211115153400.0
008 - FIXED-LENGTH DATA ELEMENTS--GENERAL INFORMATION
fixed length control field 211115b |||||||| |||| 00| 0 eng d
040 ## - CATALOGING SOURCE
Transcribing agency Hawassa University
050 ## - LIBRARY OF CONGRESS CALL NUMBER
Classification number 635/TIN
Item number 3
082 ## - DEWEY DECIMAL CLASSIFICATION NUMBER
Classification number 635/TIN
Item number 3
100 ## - MAIN ENTRY--PERSONAL NAME
Personal name Tindall.M.
9 (RLIN) 18442
245 ## - TITLE STATEMENT
Title Fruits and vegetables in west Africa
260 ## - PUBLICATION, DISTRIBUTION, ETC.
Place of publication, distribution, etc. Rome
Name of publisher, distributor, etc. FAO
Date of publication, distribution, etc. 1965
942 ## - ADDED ENTRY ELEMENTS (KOHA)
Source of classification or shelving scheme Dewey Decimal Classification
Koha item type Books like text book referance book
Suppress in OPAC No
Holdings
Withdrawn status Lost status Source of classification or shelving scheme Damaged status Not for loan Home library Current library Date acquired Full call number Barcode Date last seen Copy number Price effective from Koha item type Total Checkouts
    Dewey Decimal Classification     College of Agriculture Library College of Agriculture Library 11/15/2021 635/TIN ALIB0012252 11/15/2021 1 11/15/2021 Books like text book referance book  
    Dewey Decimal Classification     College of Agriculture Library College of Agriculture Library 11/15/2021 635/TIN ALIB0012253 11/15/2021 2 11/15/2021 Books like text book referance book  
    Dewey Decimal Classification     College of Agriculture Library College of Agriculture Library 11/15/2021 635/TIN ALIB0012255 11/15/2021 4 11/15/2021 Books like text book referance book  
    Dewey Decimal Classification     College of Agriculture Library College of Agriculture Library 11/16/2021 635/TIN ALIB0012254 11/16/2021 3 11/16/2021 Books like text book referance book